000 01196cad a22002055a 4500
001 E149579
008 100323s2010 xxk f 000 0 eng d
020 _a9781897958476
035 _a(Sirsi) u149579
041 0 _aeng
100 1 _aDavid, Rosalind
245 0 0 _aSecondary centres
_bthe impact of the recession on secondary shopping centres
_h[electronic resource]
260 _aLondon
_bBCSC
_c2010
520 _aLooks at the ways in which shopping centres, particularly those in "secondary" locations are coping the the economic downturn. Estimates that of the 820 shopping centres in the UK, around 155 are in danger of defaulting on loans provided to purchase the assets. Suggests that the North West of England is the area where most shopping centres are at risk.
590 _aKA
651 4 _aUnited Kingdom
_y
690 _aPROPERTY-COMMERCIAL PROPERTY-RETAIL PROPERTY-SHOPPING CENTRE, MALL AND ARCADE PROPERTY-SHOPPING CENTRES, MALLS AND ARCADES
856 4 0 _uhttps://www.propertyweek.com/Journals/Builder_Group/Property_Week/29_January_2010/attachments/Seondary%20Centres%20Report%20-%20FINAL.pdf
_zView the report free of charge (PDF file) at www.propertyweek.com
942 _n0
999 _c110546
_d110546